Solutions manual for modern organic synthesis : An Introduction
Gespeichert in:
| 1. Verfasser: | |
|---|---|
| Format: | Sách |
| Sprache: | Undetermined |
| Veröffentlicht: |
Freeman & Company
2006
|
| Schlagworte: | |
| Tags: |
Tag hinzufügen
Keine Tags, Fügen Sie den ersten Tag hinzu!
|
| Thư viện lưu trữ: | Trung tâm Thư viện - Trường Đại học Công nghiệp TP. Hồ Chí Minh |
|---|
| LEADER | 00519nam a2200157Ia 4500 | ||
|---|---|---|---|
| 001 | UIH_03269 | ||
| 008 | 231011s9999 xx 000 0 und d | ||
| 082 | |a 547.2 | ||
| 100 | |a Nantz,Michael H | ||
| 245 | 0 | |a Solutions manual for modern organic synthesis : An Introduction | |
| 245 | 0 | |c Nantz,Michael H | |
| 260 | |b Freeman & Company | ||
| 260 | |c 2006 | ||
| 650 | |a Hợp chất hữu cơ; | ||
| 927 | |a Sách | ||
| 980 | |a Trung tâm Thư viện - Trường Đại học Công nghiệp TP. Hồ Chí Minh | ||